Accounting for non-accounting students / (Record no. 4556)

MARC details
000 -LEADER
fixed length control field 00753cac a22002171u 4500
090 ## - LOCALLY ASSIGNED LC-TYPE CALL NUMBER (OCLC); LOCAL CALL NUMBER (OCLC)
-- 4556
008 - FIXED-LENGTH DATA ELEMENTS--GENERAL INFORMATION
fixed length control field 090108t 2000xxu||||| |||| 00| 0 eng d
010 ## - LIBRARY OF CONGRESS CONTROL NUMBER
LC control number 00066339
020 ## - INTERNATIONAL STANDARD BOOK NUMBER
International Standard Book Number 0273646834 (alk. paper)
022 ## - INTERNATIONAL STANDARD SERIAL NUMBER
International Standard Serial Number 0273625756
082 00 - DEWEY DECIMAL CLASSIFICATION NUMBER
Classification number 657
Item number DAY
100 ## - MAIN ENTRY--PERSONAL NAME
Personal name Dyson, J. R.
245 10 - TITLE STATEMENT
Title Accounting for non-accounting students /
Statement of responsibility, etc J.R. Dyson.
250 ## - EDITION STATEMENT
Edition statement 4th ed.
260 ## - PUBLICATION, DISTRIBUTION, ETC. (IMPRINT)
Place of publication, distribution, etc Harlow, England ;
-- New York :
Name of publisher, distributor, etc Financial Times Prentice Hall,
Date of publication, distribution, etc c.2000.
300 ## - PHYSICAL DESCRIPTION
Extent 35 p.
504 ## - BIBLIOGRAPHY, ETC. NOTE
Bibliography, etc Includes bibliographical references and index.
650 #0 - SUBJECT ADDED ENTRY--TOPICAL TERM
Topical term or geographic name as entry element Accounting.
942 ## - ADDED ENTRY ELEMENTS (KOHA)
Item type Book - Borrowing
Call number prefix 657DAY
Source of classification or shelving scheme Dewey Decimal Classification
Holdings
Withdrawn status Item status Source of classification or shelving scheme Damaged status Not for loan Home library Current library Shelving location Date acquired Source of acquisition Total Checkouts Full call number Barcode Date last seen Date last borrowed Koha item type
    Dewey Decimal Classification     Central Library Central Library First floor 07/09/2009 Purchase 1 657 DAY 000005677 15/07/2025 03/02/2013 Book - Borrowing